000 00689nam a2200229 a 4500
001 12810
003 BD-JhCC
005 20230514201544.0
008 230514b19822017ii |||| ||a| 00| 0 ben d
020 _a9788170668817
035 _a(BD-JhCC)12810
040 _aBD-JhCC
_dBD-JhCC
041 _aBengali
082 _a891.443
_bRAY 2017
100 _aরায়, সত্যজিৎ
245 _aযত কাণ্ড কাঠমাণ্ডুতে /
_cসত্যজিৎ রায়।
260 _aকলকতা:
_bআনন্দ পাবলিশার্স ;
_c২০১৭.
300 _a86 p. :
_c22 cm.
650 _aNovel
942 _2ddc
_cBK
999 _c12810
_d12810